<?xml version="1.0" encoding="UTF-8"?>
<collection xmlns="http://www.loc.gov/MARC21/slim">
 <record>
  <leader>02418cam a2200421  c4500</leader>
  <controlfield tag="001">1139890468</controlfield>
  <controlfield tag="003">DE-627</controlfield>
  <controlfield tag="005">20240318183714.0</controlfield>
  <controlfield tag="007">tu</controlfield>
  <controlfield tag="008">981102s1999    xx |||||      00| ||ger c</controlfield>
  <datafield tag="016" ind1="7" ind2=" ">
   <subfield code="a">95430439X</subfield>
   <subfield code="2">DE-101</subfield>
  </datafield>
  <datafield tag="020" ind1=" " ind2=" ">
   <subfield code="a">3923813155</subfield>
   <subfield code="9">3-923813-15-5</subfield>
  </datafield>
  <datafield tag="035" ind1=" " ind2=" ">
   <subfield code="a">(DE-627)1139890468</subfield>
  </datafield>
  <datafield tag="035" ind1=" " ind2=" ">
   <subfield code="a">(DE-576)069890463</subfield>
  </datafield>
  <datafield tag="035" ind1=" " ind2=" ">
   <subfield code="a">(DE-599)DNB95430439X</subfield>
  </datafield>
  <datafield tag="035" ind1=" " ind2=" ">
   <subfield code="a">(OCoLC)313244088</subfield>
  </datafield>
  <datafield tag="040" ind1=" " ind2=" ">
   <subfield code="a">DE-627</subfield>
   <subfield code="b">ger</subfield>
   <subfield code="c">DE-627</subfield>
   <subfield code="e">rakwb</subfield>
  </datafield>
  <datafield tag="041" ind1=" " ind2=" ">
   <subfield code="a">ger</subfield>
  </datafield>
  <datafield tag="084" ind1=" " ind2=" ">
   <subfield code="a">9,10</subfield>
   <subfield code="2">ssgn</subfield>
  </datafield>
  <datafield tag="084" ind1=" " ind2=" ">
   <subfield code="a">LI 30651</subfield>
   <subfield code="2">rvk</subfield>
   <subfield code="0">(DE-625)rvk/96031:13279</subfield>
  </datafield>
  <datafield tag="100" ind1="1" ind2=" ">
   <subfield code="a">Friedrich, Caspar David</subfield>
   <subfield code="d">1774-1840</subfield>
   <subfield code="0">(DE-588)118535889</subfield>
   <subfield code="0">(DE-627)144925958</subfield>
   <subfield code="0">(DE-576)208925252</subfield>
   <subfield code="4">aut</subfield>
  </datafield>
  <datafield tag="245" ind1="1" ind2="0">
   <subfield code="a">Kritische Edition der Schriften des Künstlers und seiner Zeitzeugen</subfield>
   <subfield code="n">1</subfield>
   <subfield code="p">&quot;Äußerungen bei Betrachtung einer Sammlung von Gemählden von größtentheils noch lebenden und unlängst verstorbenen Künstlern&quot; / bearb. von Gerhard Eimer in Verbindung mit Günther Rath</subfield>
   <subfield code="c">Caspar David Friedrich</subfield>
  </datafield>
  <datafield tag="246" ind1="3" ind2="0">
   <subfield code="a">gemälden größtenteils</subfield>
  </datafield>
  <datafield tag="264" ind1=" " ind2="1">
   <subfield code="a">Frankfurt am Main</subfield>
   <subfield code="b">Kunstgeschichtliches Inst. der Johann Wolfgang Goethe-Univ.</subfield>
   <subfield code="c">1999</subfield>
  </datafield>
  <datafield tag="300" ind1=" " ind2=" ">
   <subfield code="a">129 S.</subfield>
  </datafield>
  <datafield tag="336" ind1=" " ind2=" ">
   <subfield code="a">Text</subfield>
   <subfield code="b">txt</subfield>
   <subfield code="2">rdacontent</subfield>
  </datafield>
  <datafield tag="337" ind1=" " ind2=" ">
   <subfield code="a">ohne Hilfsmittel zu benutzen</subfield>
   <subfield code="b">n</subfield>
   <subfield code="2">rdamedia</subfield>
  </datafield>
  <datafield tag="338" ind1=" " ind2=" ">
   <subfield code="a">Band</subfield>
   <subfield code="b">nc</subfield>
   <subfield code="2">rdacarrier</subfield>
  </datafield>
  <datafield tag="490" ind1="1" ind2=" ">
   <subfield code="a">Frankfurter Fundamente der Kunstgeschichte</subfield>
   <subfield code="v">16</subfield>
  </datafield>
  <datafield tag="583" ind1="1" ind2=" ">
   <subfield code="a">Archivierung/Langzeitarchivierung gewährleistet</subfield>
   <subfield code="f">SSG</subfield>
   <subfield code="x">XA-DE-BW</subfield>
   <subfield code="2">pdager</subfield>
   <subfield code="5">DE-16</subfield>
  </datafield>
  <datafield tag="700" ind1="1" ind2=" ">
   <subfield code="a">Eimer, Gerhard</subfield>
   <subfield code="e">Bearb.</subfield>
   <subfield code="4">adp</subfield>
  </datafield>
  <datafield tag="773" ind1="1" ind2="8">
   <subfield code="w">(DE-627)1139890263</subfield>
   <subfield code="w">(DE-576)069890269</subfield>
   <subfield code="g">1</subfield>
   <subfield code="q">1</subfield>
   <subfield code="7">nnnm</subfield>
  </datafield>
  <datafield tag="787" ind1="0" ind2="8">
   <subfield code="i">Rezension</subfield>
   <subfield code="a">Zimmermann, Reinhard, 1952 - </subfield>
   <subfield code="t">[Rezension von: Caspar David Friedrich, &quot;Äußerungen bei Betrachtung einer Sammlung von Gemählden von größtentheils noch lebenden und unlängst verstorbenen Künstlern&quot;]</subfield>
   <subfield code="d">2001</subfield>
   <subfield code="w">(DE-627)1547720042</subfield>
   <subfield code="w">(DE-576)477720048</subfield>
  </datafield>
  <datafield tag="830" ind1=" " ind2="0">
   <subfield code="a">Frankfurter Fundamente der Kunstgeschichte</subfield>
   <subfield code="v">16</subfield>
   <subfield code="9">16</subfield>
   <subfield code="w">(DE-627)130655007</subfield>
   <subfield code="w">(DE-576)010948163</subfield>
   <subfield code="w">(DE-600)844920-X</subfield>
   <subfield code="x">0175-3517</subfield>
   <subfield code="7">ns</subfield>
  </datafield>
  <datafield tag="936" ind1="r" ind2="v">
   <subfield code="a">LI 30651</subfield>
   <subfield code="b">Schriften des Künstlers und Schriften über den Künstler als Kunsttheoretiker</subfield>
   <subfield code="k">Kunstgeschichte</subfield>
   <subfield code="k">Künstler-Monografien</subfield>
   <subfield code="k">Alphabetische Künstlerliste</subfield>
   <subfield code="k">Künstler F</subfield>
   <subfield code="k">Friedrich, Caspar David (bis 30660)</subfield>
   <subfield code="k">Schriften des Künstlers und Schriften über den Künstler als Kunsttheoretiker</subfield>
   <subfield code="0">(DE-627)127232964X</subfield>
   <subfield code="0">(DE-625)rvk/96031:13279</subfield>
   <subfield code="0">(DE-576)20232964X</subfield>
  </datafield>
  <datafield tag="951" ind1=" " ind2=" ">
   <subfield code="a">MV</subfield>
  </datafield>
  <datafield tag="991" ind1=" " ind2=" ">
   <subfield code="a">Rezensiertes Werk</subfield>
  </datafield>
  <datafield tag="999" ind1=" " ind2=" ">
   <subfield code="a">KXP-PPN1139890468</subfield>
   <subfield code="e">4055690282</subfield>
  </datafield>
 </record>
</collection>
